Countries by Debt to GDP. - Statistics

General Stats
  • This quiz has been taken 349 times
  • The average score is 10 of 20
Answer Stats
Hint Answer % Correct
North America United States of America
95%
Europe Greece
82%
Asia Japan
77%
Europe Italy
70%
North America Jamaica
56%
Europe Portugal
56%
North America Belize
52%
Africa Sudan
51%
North America Barbados
50%
Asia Lebanon
46%
Asia Singapore
44%
North America Antigua and Barbuda
43%
Africa Angola
42%
Asia Jordan
41%
Asia Cyprus
36%
Africa Eritrea
35%
Africa Mozambique
35%
Asia Bhutan
30%
Africa Cabo Verde
29%
Asia Bahrain
28%
No matching quizzes found
Score Distribution
Percent of People with Each Score
Percentile by Number Answered
Your Score History
You have not taken this quiz